Centroamérica hoy. La agresión está en marcha /

Salvato in:
Dettagli Bibliografici
Autore principale: Campos, Andrés
Natura: testo
Soggetti:
Tags: Aggiungi Tag
Nessun Tag, puoi essere il primo ad aggiungerne!!

MARC

LEADER 00000 a a2200000 04500
001 5061
003
040
100 |a Campos, Andrés  
245 |a Centroamérica hoy. La agresión está en marcha /  |c Andrés Campos  
650 |a AGRESION  
773 |g número 156; páginas 43-46  
999 |c 20832  |d 20832